书目信息 |
| 题名: |
资料员专业基础知识
|
|
| 作者: | ;江苏省建设教育协会 组织编写 | |
| 分册: | ||
| 出版信息: | 北京 中国建筑工业出版社 2016.09 |
|
| 页数: | 12, 383页 | |
| 开本: | 26cm | |
| 丛书名: | 住房和城乡建设领域专业人员岗位培训考核系列用书 | |
| 单 册: | ||
| 中图分类: | G275.3 | |
| 科图分类: | ||
| 主题词: | 建筑工程--jian zhu gong cheng--技术档案--档案管理--岗位培训--教材 | |
| 电子资源: | ||
| ISBN: | 978-7-112-19942-6 | |
| 000 | 01260nam 2200265 450 | |
| 001 | CAL 0120162042467 | |
| 005 | 20190311111445.50 | |
| 010 | @a978-7-112-19942-6@dCNY65.00 | |
| 100 | @a20170904d2016 em y0chiy50 ea | |
| 101 | 0 | @achi |
| 102 | @aCN@b110000 | |
| 105 | @aa a 000yy | |
| 200 | 1 | @a资料员专业基础知识@Azi liao yuan zhuan ye ji chu zhi shi@f江苏省建设教育协会组织编写 |
| 205 | @a第2版 | |
| 210 | @a北京@c中国建筑工业出版社@d2016.09 | |
| 215 | @a12, 383页@c图@d26cm | |
| 225 | 2 | @a住房和城乡建设领域专业人员岗位培训考核系列用书@Azhu fang he cheng xiang jian she ling yu zhuan ye ren yuan gang wei pei xun kao he xi lie yong shu |
| 320 | @a有书目 (第383页) | |
| 330 | @a全书共9章, 内容包括: 国家工程建设相关法律法规, 工程材料的基本知识, 施工图识读、绘制的基本知识, 工程施工工艺和方法, 施工项目管理, 建筑构造、建筑设备及工程预算的基本知识, 计算机和相关资料管理软件的应用知识, 公文写作与处理, 职业道德。 | |
| 410 | 0 | @12001 @a住房和城乡建设领域专业人员岗位培训考核系列用书 |
| 606 | 0 | @a建筑工程@Ajian zhu gong cheng@x技术档案@x档案管理@x岗位培训@j教材 |
| 690 | @aG275.3@v5 | |
| 711 | 02 | @a江苏省建设教育协会@Ajiang su sheng jian she jiao yu xie hui@4组织编写 |
| 801 | 0 | @aCN@c20170904 |
| 905 | @a河南城建学院图书馆@dG275.3@eJ408=2@f2 | |
| 资料员专业基础知识/江苏省建设教育协会组织编写.-第2版.-北京:中国建筑工业出版社,2016.09 |
| 12, 383页:图;26cm.-(住房和城乡建设领域专业人员岗位培训考核系列用书) |
| ISBN 978-7-112-19942-6:CNY65.00 |
| 全书共9章, 内容包括: 国家工程建设相关法律法规, 工程材料的基本知识, 施工图识读、绘制的基本知识, 工程施工工艺和方法, 施工项目管理, 建筑构造、建筑设备及工程预算的基本知识, 计算机和相关资料管理软件的应用知识, 公文写作与处理, 职业道德。 |
| ● |
| 相关链接 |
|
|
|
正题名:资料员专业基础知识
索取号:G275.3/J408=2
 
预约/预借
| 序号 | 登录号 | 条形码 | 馆藏地/架位号 | 状态 | 备注 |
| 1 | 1244078 | 212440786 | 社科库409/409社科库 60排3列4层/ [索取号:G275.3/J408=2] | 在馆 | |
| 2 | 1314953 | 213149537 | 社科库409/409社科库 60排3列4层/ [索取号:G275.3/J408=2] | 在馆 | |
| 3 | 1314954 | 213149546 | 社科库409/409社科库 60排3列4层/ [索取号:G275.3/J408=2] | 在馆 |